01005 2200313 4500001002100000005001500021035002000036007000300056008004100059020002200100082001500122084001700137100003700154245011800191300005400309650002300363700002700386264003800413336002100451337003000472338002300502040002200525090002200547850001200569999002200581250003500603504003100638990002200669INLIS00000000087202620220822103533 a0010-0822000631ta220819s2021 yoia g 0 ind d a978-623-5680-59-004223a371.33 a371.33 ANT m0 aAnto Hurrohmand1980-epengarang10aMedia pembelajaran audio-visual pendidikan agama Islam di sekolah dasar /cAnto Hurrohman; penyunting, Ahmad Kori avi, 76 halaman :bgambar, tabel, diagram ;c21 cm 4aMedia pembelajaran0 aAhmad Koriepenyunting31aSleman :bPustaka Egaliter,c2021 2rdacontentateks 2rdamediaatanpa perantara 2rdacarrieravolume aYOPDYOGbinderda aCB-D.11 2021-3370 aYOPDYOG aCB-D.11/2021-3370 aCetakan Pertama, November 2021 aBibliografi: halaman 73-74 aCB-D.11/2021-3370